Statistical physics (Record no. 6861)

MARC details
000 -LEADER
fixed length control field 00483 a2200169 4500
001 - CONTROL NUMBER
control field 132497
003 - CONTROL NUMBER IDENTIFIER
control field OSt
005 - DATE AND TIME OF LATEST TRANSACTION
control field 20220111115601.0
008 - FIXED-LENGTH DATA ELEMENTS--GENERAL INFORMATION
fixed length control field
082 ## - DEWEY DECIMAL CLASSIFICATION NUMBER
Classification number 530.13
Item number K11S
100 1# - MAIN ENTRY--PERSONAL NAME
Personal name Kadanoff, Leo P.
245 1# - TITLE STATEMENT
Title Statistical physics
Statement of responsibility, etc by Leo P. Kadanoff
260 ## - PUBLICATION, DISTRIBUTION, ETC. (IMPRINT)
Place of publication, distribution, etc Singapore
Name of publisher, distributor, etc World Scientific
Date of publication, distribution, etc 2007
300 ## - PHYSICAL DESCRIPTION
Extent 483p.
690 ## - LOCAL SUBJECT ADDED ENTRY--TOPICAL TERM (OCLC, RLIN)
Topical term or geographic name as entry element Statistical physics; Renormalization (Physics); Scaling laws (Statistical physics)
942 ## - ADDED ENTRY ELEMENTS (KOHA)
Source of classification or shelving scheme Dewey Decimal Classification
Koha item type Books
Holdings
Withdrawn status Lost status Source of classification or shelving scheme Damaged status Not for loan Collection code Home library Current library Date acquired Source of acquisition Cost, normal purchase price Total Checkouts Full call number Barcode Date last seen Date checked out Price effective from Koha item type
    Dewey Decimal Classification     General Text Book Central University Of Rajasthan Central University Of Rajasthan 08/06/2012 PHY 9.00 1 530.13 K11S 9978 21/11/2024 10/08/2023 02/09/2020 Books